01016nam a2200181 a 450000100100000000500170001000800410002702000150006804000250008310000570010824501580016526000710032330000360039450502370043070000450066795201050071299900170081700004384420201002045012.0140507s2004 sp ac 000 0 spa d a8460796310 aDO-SdBNPbspacBNPHU1 aSanchidrián Gallego, Jesús María José96985410aEstampas de la Tierra de Ávila :bfotografías de un vivir diario (1987) /cJesús M. J. Sanchidrán Gallego ; prólogo de José Jiménez Lozano. aPiedrahíta Ávila :bPiedra Caballero, revista cultural,c2004. a141 p. :bil., retrs. ;c30 cm.0 aEl trabajo de la tierra--tLos molinos del Adaja--tEl trato de los animales --tTipos, arte y oficios --tCelebraciones festivas --tDeportes populares --tAtracciones --tTaurinos --tMozos y quintos --tCómicos y comediantes --12aJiménez Lozano, Joséepról.921662 001050718MOaGRbGRcCTd2014-05-07iLF1l0o p43844-10r2020-06-25w2020-06-25y1ZNo se presta c43333d43333